<?xml version="1.0" encoding="UTF-8"?>
<record
    xmlns:xsi="http://www.w3.org/2001/XMLSchema-instance"
    xsi:schemaLocation="http://www.loc.gov/MARC21/slim http://www.loc.gov/standards/marcxml/schema/MARC21slim.xsd"
    xmlns="http://www.loc.gov/MARC21/slim">

  <leader>00649nam a22002057a 4500</leader>
  <controlfield tag="003">MPLRDC</controlfield>
  <controlfield tag="005">20220105061103.0</controlfield>
  <controlfield tag="008">210129b           ||||| |||| 00| 0 eng d</controlfield>
  <datafield tag="020" ind1=" " ind2=" ">
    <subfield code="a">978-983-149-022-8</subfield>
  </datafield>
  <datafield tag="082" ind1=" " ind2=" ">
    <subfield code="a">859.2 KXLL v.11</subfield>
  </datafield>
  <datafield tag="100" ind1=" " ind2=" ">
    <subfield code="a">&#x5408;&#x529B;&#x51FA;&#x7248;&#xFF08;&#x9A6C;&#xFF09;&#x6709;&#x9650;&#x516C;&#x53F8;&#x5236;&#x4F5C;&#x56E2;&#x961F;</subfield>
  </datafield>
  <datafield tag="245" ind1=" " ind2=" ">
    <subfield code="a">&#x5341;&#x4E07;&#x4E2A;&#x4E3A;&#x4EC0;&#x4E48; &#x5F00;&#x5FC3;&#x4E50;&#x9F99;&#x9F99;. 11</subfield>
    <subfield code="c">&#x674E;&#x60E0;&#x661F;&#x3001;&#x8D56;&#x5584;&#x7F8E; &#x6587;&#x5B57;&#x7F16;&#x8F91;; &#x6797;&#x4F1F;&#x660E; &#x7B49;&#x6F2B;&#x753B;</subfield>
  </datafield>
  <datafield tag="250" ind1=" " ind2=" ">
    <subfield code="a">&#x521D;&#x7248;</subfield>
  </datafield>
  <datafield tag="260" ind1=" " ind2=" ">
    <subfield code="a">&#x9A6C;&#x6765;&#x897F;&#x4E9A;</subfield>
    <subfield code="b">&#x5408;&#x529B;&#x51FA;&#x7248;&#xFF08;&#x9A6C;&#xFF09;&#x6709;&#x9650;&#x516C;&#x53F8;</subfield>
    <subfield code="c">2012</subfield>
  </datafield>
  <datafield tag="300" ind1=" " ind2=" ">
    <subfield code="b">&#x5E73;</subfield>
  </datafield>
  <datafield tag="490" ind1=" " ind2=" ">
    <subfield code="a">&#x5341;&#x4E07;&#x4E2A;&#x4E3A;&#x4EC0;&#x4E48;</subfield>
  </datafield>
  <datafield tag="520" ind1=" " ind2=" ">
    <subfield code="a">&#x4E0A;&#x67B6; 2017-01-19</subfield>
  </datafield>
  <datafield tag="650" ind1=" " ind2=" ">
    <subfield code="a">&#x513F;&#x7AE5;&#x767E;&#x79D1;&#x5168;&#x4E66;</subfield>
  </datafield>
  <datafield tag="942" ind1=" " ind2=" ">
    <subfield code="c">BK</subfield>
    <subfield code="o">859.2 KXLL v.11</subfield>
  </datafield>
  <datafield tag="999" ind1=" " ind2=" ">
    <subfield code="c">68595</subfield>
    <subfield code="d">68585</subfield>
  </datafield>
</record>
